Metodologický rámec pre NOT SMALL – NOT BIG DATA bakalárska práca

Enregistré dans:
Détails bibliographiques
Auteur principal: Mensah, Kaela Kalindi
Collectivité auteur: Fakulta hospodárskej informatiky EU. Katedra aplikovanej informatiky
Autres auteurs: Schmidt, Peter, 1968-
Format: Livre
Langue:slovaque
Publié: Bratislava 2025
Tags: Ajouter un tag
Pas de tags, Soyez le premier à ajouter un tag!

MARC

LEADER 00000nbm a2200000 4500
001 0310439
005 20251120142116.1
041 0 |a slo 
044 |a SK 
245 1 0 |a Metodologický rámec pre NOT SMALL – NOT BIG DATA  |b bakalárska práca  |c Kaela Kalindi Mensah ; školiteľ: Peter Schmidt 
264 1 |a Bratislava  |c 2025 
300 |a 53 s. 
100 1 |a Mensah, Kaela Kalindi 
700 1 |a Schmidt, Peter, 1968- 
710 2 |a Fakulta hospodárskej informatiky EU. Katedra aplikovanej informatiky